000 01060nam0a22002531 4500
001 v19\rc\1346850
005 20060512115548.4
035 _a(NLR Aleph) 004493316
090 _a4659952
_c4659952
100 _a20060512d1861 |||y0rusy50 ca
101 0 _arus
102 _aRU
105 _ae z |||||
200 1 _aОбозрение Санктпетербургской выставки русской мануфактурной промышленности 1861 года
_fСост. М.Я. Киттары (проф. технологии Имп. Моск. ун-та)
210 _aСанкт-Петербург
_cА.Г. Шевелкин
_d1861
215 _a[8], 330, XVIII, IV с., 1 л. пл.
_d23
700 1 _aКиттары
_bМ. Я.
_f1825-1880
_gМодест Яковлевич
712 1 2 _aВыставка русских мануфактурных произведений
_f1861
_eПетербург
801 0 _aRU
_bNLR
_gpsbo
801 1 _aRU
_bProSoft-M
_2rusmarc
852 _aNLR
_j18.75.3.7
852 _aNLR
_j131/3591
942 _cBOOK
980 _aNB